Statystyki dla Skróty Ratownictwo medyczne

Kliknij tutaj aby rozwiązać quiz!

Ogólne statystyki

  • Ten quiz został rozwiązany 24 razy
  • Średni wynik to 5 z 75

Statystyki odpowiedzi

Odpowiedź% Poprawnych
NZKNagłe zatrzymanie krążenia
79%
LPRLotnicze pogotowie ratunkowe
64%
RKOResuscytacja krążeniowo oddechowa
43%
PRMPaństwowe Ratownictwo Medyczne
36%
KSRGKrajowy system ratowniczo gaśniczy
29%
CTKCiśnienie tętnicze krwi
21%
NLPZniesteroidowe leki przeciwzapalne
21%
CPRCentrum powiadamiania ratunkowego
14%
VTczęstoskurcz komorowy
14%
VFMigotanie komór
14%
PPuls
14%
GCSSkala Glasgow
14%
SORSzpitalny oddział ratunkowy
14%
ZRMZespół ratownictwa medycznego
14%
AArm
7%
DDeformacje
7%
DDeformacje
7%
FFace
7%
HRHearth Rate
7%
MCRMedyczne czynności ratunkowe
7%
CRTNawrót kapilarny
7%
NNiestabilność
7%
OOparzenia
7%
OZWostry zespół wieńcowy
7%
SSpeech
7%
SStłuczenia
7%
SStłuczenia
7%
SWDSystem wspomagania dowodzenia
7%
TTime
7%
OTlen
7%
CTtomografia komputerowa
7%
ALSAdvanced live support
0%
PEAaktywność elektryczna bez tętna
0%
BAlternatywy
0%
AEDAutomated external Defibrilator
0%
BBack
0%
BPBlood Pleasure
0%
CUCentrum urazowe
0%
CUDCentrum urazowe dzieci
0%
FBAOciało obce w drogach oddechowych
0%
Adrogi oddechowe
0%
DMDyspozytornia medyczna
0%
Eekwipunek
0%
EKGelektrokardiografia
0%
iBPinwazyjny pomiar ciśnienia
0%
EKapnometria
0%
Ckrążenie
0%
DLeki
0%
HEMSLotniczy odział ratownictwa medycznego
0%
AFmigotanie przedsionków
0%
MMonitorowanie
0%
MMotoryka
0%
NiBPNieinwazyjny pomiar ciśnienia
0%
OObrzęki
0%
OUNObwodowy układ nerwowy
0%
Boddychanie
0%
OOtarcia
0%
OOtwarte rany
0%
PLSpediatric life support
0%
PPenetracje
0%
PPozycja Węsząca
0%
PPress
0%
POCHPPrzewlekła obturacyjna choroba płuc
0%
RRight
0%
BRozdzielność ról
0%
SSensoryka
0%
RTSSkala ciężkości urazów
0%
SSkaleczenia
0%
SSsak
0%
TTkliwość
0%
TTkliwość
0%
ATtrzepotanie przedsionków
0%
TTrzeszczenie
0%
UUp
0%
ZZAZespół zależności alkoholowej
0%

Rozkład punktacji

Percentyl według liczby udzielonych odpowiedzi

Procent ludzi z każdym wynikiem

Twoja historia wyników

Nie rozwiązałeś tego quizu